[Event "NB II. Asztalos csoport"]
[Site "Dunaujvaros"]
[Date "2023.10.29"]
[Round "2.12"]
[White "Dalocsa, Vince"]
[Black "Bereczk, Balint"]
[Result "1-0"]
[WhiteElo "1295"]
[BlackElo "1153"]
[PlyCount "123"]
[EventDate "2023.10.08"]
[EventType "team-tourn"]
[EventRounds "9"]
[EventCountry "HUN"]
[Source "chess.hu"]
[WhiteTeam "Racalmas-Kiralysakk "]
[BlackTeam "Marcali VSZSE"]
[WhiteTeamCountry "HUN"]
[BlackTeamCountry "HUN"]

1. e4 g6 2. d4 d6 3. Nf3 Bg7 4. Nc3 e6 5. Bf4 Ne7 6. Be2 O-O 7. O-O Nd7 8. e5
d5 9. Bg5 Qe8 10. Qd2 f6 11. exf6 Nxf6 12. Rfe1 Qf7 13. Ne5 Ne4 14. Nxe4 Bxe5
15. Bxe7 Qxe7 16. dxe5 dxe4 17. Qd4 Qf7 18. Bc4 Bd7 19. Rxe4 Bc6 20. Re2 Qf5
21. h3 a6 22. Qg4 Qxg4 23. hxg4 Rae8 24. f3 Rf7 25. Kf2 Rd7 26. Ke3 Kg7 27. Rd2
Rde7 28. Rad1 b5 29. Bb3 a5 30. a3 g5 31. Ba2 Kg6 32. c3 Rf8 33. Rd8 Rff7 34.
Rg8+ Rg7 35. Rxg7+ Kxg7 36. b4 a4 37. c4 Rd7 38. Rxd7+ Bxd7 39. cxb5 Kf7 40.
Bc4 Ke7 41. Kd4 Be8 42. Kc5 h5 43. gxh5 Bxh5 44. g4 Be8 45. b6 cxb6+ 46. Kxb6
Bd7 47. b5 Kd8 48. Ka5 Kc7 49. Kxa4 Kb6 50. Kb4 Bc8 51. a4 Kb7 52. Kc5 Kc7 53.
b6+ Kb7 54. a5 Kb8 55. a6 Bxa6 56. Bxa6 Ka8 57. b7+ Ka7 58. Kd6 Kb8 59. Kxe6
Kc7 60. Kf6 Kb8 61. e6 Ka7 62. e7 1-0

[Event "NB II. Asztalos csoport"]
[Site "Kaposvar"]
[Date "2023.10.29"]
[Round "2.1"]
[White "Jesenski, Tibor"]
[Black "Veress, Robert"]
[Result "1-0"]
[WhiteElo "2250"]
[BlackElo "2192"]
[PlyCount "115"]
[EventDate "2023.10.08"]
[EventType "team-tourn"]
[EventRounds "9"]
[EventCountry "HUN"]
[Source "chess.hu"]
[WhiteTeam "Bajai SSC"]
[BlackTeam "Kaposvari Bastya SE"]
[WhiteTeamCountry "HUN"]
[BlackTeamCountry "HUN"]

1. d4 d5 2. c4 c6 3. Nf3 Nf6 4. cxd5 cxd5 5. Nc3 Nc6 6. Bf4 Bf5 7. e3 e6 8. Bb5
Nd7 9. O-O Rc8 10. Qa4 a6 11. Bxc6 Rxc6 12. Rfc1 Qc8 13. Ne2 Bc2 14. Qa5 Rc4
15. a3 Be7 16. Ne1 O-O 17. Nxc2 Rxc2 18. Qa4 Rxc1+ 19. Rxc1 Nb6 20. Qd1 Qa8 21.
Rc7 Bd8 22. Rc3 Be7 23. Qc2 Rc8 24. Bc7 Nc4 25. Bg3 Nb6 26. a4 Rxc3 27. Qxc3
Qc8 28. b3 Qxc3 29. Nxc3 Kf8 30. Kf1 Ke8 31. Ke2 Kd7 32. f3 Kc6 33. Kd3 Nc8 34.
e4 Nb6 35. Bf2 Bb4 36. Nd1 Bd6 37. e5 Be7 38. g4 Bg5 39. h4 Be7 40. f4 Nc8 41.
Ne3 Ba3 42. Kc2 Kd7 43. f5 h6 44. Ng2 Bf8 45. h5 Be7 46. Be3 Bf8 47. Bd2 Ke8
48. Bf4 Ne7 49. Ne3 Ng8 50. g5 hxg5 51. Bxg5 Be7 52. Bf4 Bf8 53. Kd3 Kd7 54.
Ke2 Kc6 55. Bg5 exf5 56. Nxf5 Kd7 57. Kf3 Ke6 58. Kg4 1-0

[Event "NB II. Asztalos csoport"]
[Site "Kaposvar"]
[Date "2023.10.29"]
[Round "2.2"]
[White "Katai, David"]
[Black "Gabric, Goran"]
[Result "0-1"]
[WhiteElo "2165"]
[BlackElo "2182"]
[PlyCount "114"]
[EventDate "2023.10.08"]
[EventType "team-tourn"]
[EventRounds "9"]
[EventCountry "HUN"]
[Source "chess.hu"]
[WhiteTeam "Kaposvari Bastya SE"]
[BlackTeam "Bajai SSC"]
[WhiteTeamCountry "HUN"]
[BlackTeamCountry "HUN"]

1. e4 e5 2. Nf3 Nc6 3. Bb5 a6 4. Ba4 Nf6 5. O-O Be7 6. Re1 b5 7. Bb3 O-O 8. c3
d6 9. h3 Na5 10. Bc2 c5 11. d4 Qc7 12. Nbd2 Be6 13. Nf1 Rfc8 14. d5 Bd7 15. Ng3
b4 16. Nf5 Bxf5 17. exf5 Qb7 18. Nh2 Ra7 19. Ng4 Nc4 20. Nxf6+ Bxf6 21. Qg4 Nb6
22. c4 a5 23. Qe4 Qe7 24. Re3 Kf8 25. Rg3 a4 26. Bd3 Nd7 27. Bd2 a3 28. b3 Ke8
29. Re1 Kd8 30. Bf1 Kc7 31. Rd3 Re8 32. Qg4 Raa8 33. g3 Qf8 34. Bg2 Qe7 35. h4
Rg8 36. Be4 g6 37. fxg6 hxg6 38. Bg2 Bh8 39. Bg5 Qe8 40. Bh3 f5 41. Qe2 Qf7 42.
f3 Rae8 43. Kh2 Bf6 44. Qd2 Rh8 45. Kg2 Bxg5 46. Qxg5 Rh5 47. Qd2 Nf6 48. Rde3
Qh7 49. Qc2 f4 50. R3e2 fxg3 51. Kxg3 Rxh4 52. Be6 Qh6 53. Rg1 Qf4+ 54. Kf2
Rh2+ 55. Ke1 Reh8 56. Reg2 Rxg2 57. Qxg2 Qe3+ 0-1

[Event "NB II. Asztalos csoport"]
[Site "Kaposvar"]
[Date "2023.10.29"]
[Round "2.3"]
[White "Balint, Richard"]
[Black "Miovecz, Janos"]
[Result "1/2-1/2"]
[WhiteElo "2088"]
[BlackElo "2058"]
[PlyCount "160"]
[EventDate "2023.10.08"]
[EventType "team-tourn"]
[EventRounds "9"]
[EventCountry "HUN"]
[Source "chess.hu"]
[WhiteTeam "Bajai SSC"]
[BlackTeam "Kaposvari Bastya SE"]
[WhiteTeamCountry "HUN"]
[BlackTeamCountry "HUN"]

1. d4 d5 2. Nf3 Nf6 3. c4 c6 4. Nc3 e6 5. Bg5 Be7 6. e3 O-O 7. a3 Nbd7 8. Rc1
Ne4 9. Nxe4 dxe4 10. Bxe7 Qxe7 11. Nd2 f5 12. Be2 e5 13. O-O exd4 14. exd4 Qg5
15. f4 Qf6 16. Nb3 Nb6 17. Qd2 Rd8 18. Rfd1 Rb8 19. Qa5 Ra8 20. Qe5 Nd7 21. Qc7
Nf8 22. d5 cxd5 23. cxd5 Rd7 24. Qe5 Qb6+ 25. Nc5 Rf7 26. d6 Nd7 27. Qd4 Rf6
28. b4 h6 29. Bc4+ Kh7 30. Kh1 a5 31. Be6 Nxc5 32. bxc5 Qd8 33. Bd5 Rb8 34. Rb1
Rg6 35. c6 Qh4 36. Qe3 Qg4 37. g3 bxc6 38. Bb3 Bd7 39. Kg2 c5 40. Rd2 a4 41.
Bd1 Rxb1 42. Bxg4 Rxg4 43. Qxc5 Rb3 44. Qc7 e3 45. Re2 Bb5 46. Re1 Rd3 47. Qc5
Bd7 48. Rxe3 Rd2+ 49. Kg1 Rg6 50. Re7 Rgxd6 51. Qe5 Rg6 52. Qc3 Rdd6 53. Kf2
Bc6 54. h4 h5 55. Qa5 Rd5 56. Qa6 Rgd6 57. Qa7 Bd7 58. Re5 Rd2+ 59. Re2 R2d3
60. Qc5 Rg6 61. Re3 Rd2+ 62. Re2 Rd3 63. Re7 Rgd6 64. Re2 Rg6 65. Re3 Rd2+ 66.
Ke1 Rgd6 67. Qb4 R2d4 68. Qa5 R4d5 69. Qa8 Bc6 70. Qf8 Rd1+ 71. Kf2 Be4 72. Qe8
g6 73. Qxa4 R1d2+ 74. Re2 R2d3 75. Qb4 Rf3+ 76. Ke1 Rdd3 77. Qe7+ Kg8 78. Rd2
Rde3+ 79. Re2 Rxa3 80. Qe8+ Kg7 1/2-1/2

[Event "NB II. Asztalos csoport"]
[Site "Kaposvar"]
[Date "2023.10.29"]
[Round "2.4"]
[White "Galambos, Tivadar"]
[Black "Follardt, Lorinc"]
[Result "1-0"]
[WhiteElo "1928"]
[BlackElo "1954"]
[PlyCount "147"]
[EventDate "2023.10.08"]
[EventType "team-tourn"]
[EventRounds "9"]
[EventCountry "HUN"]
[Source "chess.hu"]
[WhiteTeam "Kaposvari Bastya SE"]
[BlackTeam "Bajai SSC"]
[WhiteTeamCountry "HUN"]
[BlackTeamCountry "HUN"]

1. e4 e6 2. d4 d5 3. exd5 exd5 4. c4 Nf6 5. Nc3 Be7 6. Be3 O-O 7. c5 b6 8. b4
a5 9. a3 axb4 10. axb4 Rxa1 11. Qxa1 bxc5 12. bxc5 Bxc5 13. dxc5 d4 14. Bg5
Re8+ 15. Nce2 d3 16. Bxf6 gxf6 17. f3 Ba6 18. h4 dxe2 19. Bxe2 Qd3 20. Qd1
Qxd1+ 21. Kxd1 Re5 22. Rh3 Rxc5 23. Rg3+ Kf8 24. Rg4 Ra5 25. Ke1 Nd7 26. Rd4
Ke7 27. Re4+ Kf8 28. Rd4 Ke7 29. Re4+ Kd8 30. Rg4 Bxe2 31. Nxe2 c5 32. Rg7 Ke7
33. Rxh7 Ne5 34. h5 Ra2 35. Rh8 Nd3+ 36. Kd1 Ra1+ 37. Kd2 Ne5 38. Nf4 Rh1 39.
Ke3 f5 40. Nh3 Kf6 41. Rg8 Re1+ 42. Kd2 Nxf3+ 43. gxf3 Rh1 44. Rg3 Ra1 45. f4
Ra8 46. Nf2 Ra2+ 47. Ke1 Ra1+ 48. Nd1 Ra4 49. Rf3 Kg7 50. Ne3 Kh6 51. Nxf5+
Kxh5 52. Ne3 Ra2 53. Rg3 c4 54. Rg5+ Kh4 55. Nf5+ Kh3 56. Rg3+ Kh2 57. Rc3 Ra6
58. Rxc4 Rf6 59. Ne3 Kg3 60. Nd5 Re6+ 61. Kd2 Kf3 62. Kd3 Kg4 63. Re4 Ra6 64.
Re7 f6 65. Rc7 Kf5 66. Rc4 Ra3+ 67. Kd4 Ra5 68. Rc6 Ra4+ 69. Kc5 Ra5+ 70. Kc4
Ra4+ 71. Kb5 Rd4 72. Kc5 Rd1 73. Rxf6+ Kg4 74. Ne3+ 1-0

[Event "NB II. Asztalos csoport"]
[Site "Kaposvar"]
[Date "2023.10.29"]
[Round "2.5"]
[White "Darazs, Zoltan"]
[Black "Kadlicsko, Jozsef"]
[Result "1-0"]
[WhiteElo "2023"]
[BlackElo "2027"]
[PlyCount "49"]
[EventDate "2023.10.08"]
[EventType "team-tourn"]
[EventRounds "9"]
[EventCountry "HUN"]
[Source "chess.hu"]
[WhiteTeam "Bajai SSC"]
[BlackTeam "Kaposvari Bastya SE"]
[WhiteTeamCountry "HUN"]
[BlackTeamCountry "HUN"]

1. e4 c6 2. d4 d5 3. Nc3 dxe4 4. Nxe4 Nd7 5. Bd3 Ngf6 6. Ng5 h6 7. Ne6 Qb6 8.
Nf3 fxe6 9. Bg6+ Kd8 10. O-O Ne8 11. c4 Nd6 12. c5 Nxc5 13. dxc5 Qxc5 14. Bf4
Bd7 15. Ne5 Kc8 16. Rc1 Qa5 17. Qf3 Qd5 18. Qe2 Qxa2 19. Rfd1 a5 20. Rc3 Qa4
21. Qd2 Ra6 22. Nf7 Rg8 23. Bh7 Rh8 24. Nxh8 Rb6 25. b3 1-0

[Event "NB II. Asztalos csoport"]
[Site "Kaposvar"]
[Date "2023.10.29"]
[Round "2.6"]
[White "Mihalecz, Attila"]
[Black "Ferenczi, Csaba"]
[Result "1/2-1/2"]
[WhiteElo "1906"]
[BlackElo "1984"]
[PlyCount "37"]
[EventDate "2023.10.08"]
[EventType "team-tourn"]
[EventRounds "9"]
[EventCountry "HUN"]
[Source "chess.hu"]
[WhiteTeam "Kaposvari Bastya SE"]
[BlackTeam "Bajai SSC"]
[WhiteTeamCountry "HUN"]
[BlackTeamCountry "HUN"]

1. e4 c5 2. Nf3 d6 3. d4 cxd4 4. Qxd4 Nc6 5. Bb5 Bd7 6. Bxc6 Bxc6 7. Nc3 Nf6 8.
Bg5 e6 9. O-O-O Be7 10. Rhe1 O-O 11. e5 dxe5 12. Qh4 Qc7 13. Nxe5 Rfd8 14. Ng4
Rxd1+ 15. Rxd1 Rd8 16. Nxf6+ Bxf6 17. Bxf6 Rxd1+ 18. Nxd1 gxf6 19. Qxf6 1/2-1/2

[Event "NB II. Asztalos csoport"]
[Site "Kaposvar"]
[Date "2023.10.29"]
[Round "2.7"]
[White "Arato, Bela"]
[Black "Marcsingo, Jozsef"]
[Result "1-0"]
[WhiteElo "2035"]
[BlackElo "1745"]
[PlyCount "57"]
[EventDate "2023.10.08"]
[EventType "team-tourn"]
[EventRounds "9"]
[EventCountry "HUN"]
[Source "chess.hu"]
[WhiteTeam "Bajai SSC"]
[BlackTeam "Kaposvari Bastya SE"]
[WhiteTeamCountry "HUN"]
[BlackTeamCountry "HUN"]

1. e4 e5 2. Nf3 Nf6 3. Nxe5 d6 4. Nf3 Nxe4 5. d4 d5 6. Bd3 Be7 7. O-O O-O 8.
Re1 Nf6 9. Bg5 Bg4 10. Nbd2 Nbd7 11. c3 Re8 12. Qc2 h6 13. Bh4 c5 14. Ne5 c4
15. Bf5 Bxf5 16. Qxf5 Nxe5 17. dxe5 Nh7 18. e6 f6 19. Nf3 Qd6 20. Rad1 Rad8 21.
Re2 Nf8 22. Bg3 Qc6 23. Nd4 Qc5 24. Qh5 Kh7 25. Nf5 Ng6 26. Rd4 Ne5 27. Bxe5
fxe5 28. Rg4 Bg5 29. Rxg5 1-0

[Event "NB II. Asztalos csoport"]
[Site "Kaposvar"]
[Date "2023.10.29"]
[Round "2.8"]
[White "Makaresz, Ferenc"]
[Black "Javor, Sandor"]
[Result "0-1"]
[WhiteElo "1825"]
[BlackElo "2088"]
[PlyCount "108"]
[EventDate "2023.10.08"]
[EventType "team-tourn"]
[EventRounds "9"]
[EventCountry "HUN"]
[Source "chess.hu"]
[WhiteTeam "Kaposvari Bastya SE"]
[BlackTeam "Bajai SSC"]
[WhiteTeamCountry "HUN"]
[BlackTeamCountry "HUN"]

1. d4 Nf6 2. Bf4 d5 3. e3 e6 4. a3 c5 5. Nf3 Nc6 6. Be2 Bd6 7. Bxd6 Qxd6 8.
dxc5 Qxc5 9. O-O O-O 10. Nbd2 Rd8 11. c3 b6 12. Nb3 Qe7 13. Nbd4 Bb7 14. Bb5
Nxd4 15. Qxd4 Qc5 16. Bd3 Qxd4 17. cxd4 Rac8 18. Rac1 Ne8 19. b4 f6 20. a4 Nd6
21. Nd2 g6 22. g4 Kf7 23. f3 Ke7 24. Kf2 Bc6 25. Ba6 Bb7 26. Bxb7 Nxb7 27. Ke2
e5 28. Kd3 Ke6 29. Nb3 Nd6 30. Nd2 g5 31. Rh1 h6 32. Rhe1 f5 33. dxe5 Kxe5 34.
Nb3 Nc4 35. Re2 f4 36. exf4+ Kxf4 37. Rf1 Re8 38. Rxe8 Rxe8 39. Nd4 Re3+ 40.
Kc2 Ra3 41. Re1 Rxa4 42. Re6 Rxb4 43. Rxh6 Ne5 44. Ne6+ Kxf3 45. Nxg5+ Kf4 46.
Ne6+ Ke3 47. g5 d4 48. Nxd4 Rxd4 49. Re6 Kf4 50. g6 Rd7 51. h4 Kf5 52. Re8 Nxg6
53. h5 Ne5 54. h6 Rh7 0-1

[Event "NB II. Asztalos csoport"]
[Site "Kaposvar"]
[Date "2023.10.29"]
[Round "2.9"]
[White "Kelemen, Aron"]
[Black "Szotak, Laszlo"]
[Result "0-1"]
[WhiteElo "1861"]
[BlackElo "1876"]
[PlyCount "156"]
[EventDate "2023.10.08"]
[EventType "team-tourn"]
[EventRounds "9"]
[EventCountry "HUN"]
[Source "chess.hu"]
[WhiteTeam "Bajai SSC"]
[BlackTeam "Kaposvari Bastya SE"]
[WhiteTeamCountry "HUN"]
[BlackTeamCountry "HUN"]

1. Nf3 f5 2. d4 Nf6 3. c4 g6 4. Nc3 Bg7 5. Bf4 d6 6. Qd2 h6 7. h4 c6 8. O-O-O
Be6 9. e3 Bf7 10. Bd3 Nbd7 11. Kb1 Qa5 12. Bh2 Ng4 13. Bg3 O-O-O 14. Nd5 Qxd2
15. Nxe7+ Kc7 16. Rxd2 Bf8 17. Nxf5 gxf5 18. Bxf5 Ngf6 19. c5 Bd5 20. Ka1 Ne4
21. Bxe4 Bxe4 22. Rg1 Nf6 23. Ne5 Rg8 24. Nf7 Rd7 25. Nxd6 Bxd6 26. Bxd6+ Kc8
27. g3 Bf3 28. Bf4 h5 29. b4 a6 30. Rb2 Rf7 31. a4 Nd5 32. Bd6 Nc7 33. a5 Ne6
34. Rc1 Kd7 35. Rcc2 Nc7 36. Rd2 Rg6 37. Be5 Nd5 38. Kb1 Rf5 39. Kc2 Be4+ 40.
Kd1 Rg8 41. Bd6 Rg7 42. Kc1 Rgf7 43. Be5 Nf6 44. Bf4 Nd5 45. Be5 Ke6 46. Bd6
Nf6 47. Rb3 Kd5 48. Kb2 Kc4 49. Ka3 Kb5 50. Rbb2 Bf3 51. Bf4 Nd5 52. Be5 Be4
53. Kb3 Rf3 54. Ka2 Ka4 55. Ka1 Rxe3 56. Ra2+ Ra3 57. Rxa3+ Kxa3 58. Re2 Bd3
59. Ra2+ Kxb4 60. f4 Bf5 61. Kb2 Kc4 62. Ra3 Nf6 63. Rc3+ Kd5 64. Rb3 Ne4 65.
Ra3 Bc8 66. Rd3 Rf8 67. Rf3 Ke6 68. Kc2 Kf5 69. Kd3 Rg8 70. Ke3 Rxg3 71. Rxg3
Nxg3 72. Kf3 Ne4 73. Bc7 Nf6 74. Bd6 Nd5 75. Be5 Nc3 76. Ke3 Kg4 77. Bf6 Bf5
78. Bg5 Nd5+ 0-1

[Event "NB II. Asztalos csoport"]
[Site "Kaposvar"]
[Date "2023.10.29"]
[Round "2.10"]
[White "Illes, Attila Dr"]
[Black "Brindza, Istvan"]
[Result "1/2-1/2"]
[WhiteElo "1872"]
[BlackElo "1884"]
[PlyCount "29"]
[EventDate "2023.10.08"]
[EventType "team-tourn"]
[EventRounds "9"]
[EventCountry "HUN"]
[Source "chess.hu"]
[WhiteTeam "Kaposvari Bastya SE"]
[BlackTeam "Bajai SSC"]
[WhiteTeamCountry "HUN"]
[BlackTeamCountry "HUN"]

1. d4 Nf6 2. Nf3 e6 3. Bg5 d5 4. e3 Nbd7 5. Bd3 h6 6. Bh4 Be7 7. Nbd2 c5 8. c3
b6 9. O-O Bb7 10. Qb1 Rc8 11. Re1 c4 12. Bc2 Qc7 13. Bg3 Bd6 14. Bxd6 Qxd6 15.
h3 1/2-1/2

[Event "NB II. Asztalos csoport"]
[Site "Kaposvar"]
[Date "2023.10.29"]
[Round "2.11"]
[White "Baki, Bence"]
[Black "Palavics, Krisztian"]
[Result "1-0"]
[WhiteElo "1807"]
[BlackElo "1693"]
[PlyCount "103"]
[EventDate "2023.10.08"]
[EventType "team-tourn"]
[EventRounds "9"]
[EventCountry "HUN"]
[Source "chess.hu"]
[WhiteTeam "Bajai SSC"]
[BlackTeam "Kaposvari Bastya SE"]
[WhiteTeamCountry "HUN"]
[BlackTeamCountry "HUN"]

1. e4 c6 2. d4 d5 3. Nc3 dxe4 4. Nxe4 Bf5 5. Ng3 Bg6 6. h4 h6 7. Nf3 Nd7 8. h5
Bh7 9. Bd3 Bxd3 10. Qxd3 e6 11. Bd2 Ngf6 12. O-O-O Bd6 13. Ne4 Nxe4 14. Qxe4
Nf6 15. Qd3 Qc7 16. g3 O-O-O 17. Be3 Kb8 18. c4 Ng4 19. Qb3 Nxe3 20. Qxe3 Qa5
21. c5 Bc7 22. Kb1 Rd5 23. Rd3 e5 24. Nxe5 Bxe5 25. dxe5 Qxc5 26. Qxc5 Rxc5 27.
f4 Rd5 28. Rxd5 cxd5 29. Rd1 Rd8 30. Kc2 Kc7 31. Kc3 b6 32. Kd4 Kd7 33. Rc1 Ke7
34. Rc7+ Ke6 35. Rxa7 Rc8 36. Rb7 Rc4+ 37. Kd3 Rc1 38. Rxb6+ Kf5 39. Rb7 Rd1+
40. Ke2 Rh1 41. Rxf7+ Ke4 42. Rb7 d4 43. e6 d3+ 44. Kd2 Rh2+ 45. Kc3 Rc2+ 46.
Kb3 Re2 47. Rd7 Ke3 48. e7 Kd2 49. a4 Re3 50. a5 Ke2 51. a6 d2+ 52. Kc2 1-0

[Event "NB II. Asztalos csoport"]
[Site "Decs"]
[Date "2023.10.29"]
[Round "2.1"]
[White "Majnay, Peter"]
[Black "Papp, Tamas"]
[Result "1/2-1/2"]
[WhiteElo "1926"]
[BlackElo "2289"]
[PlyCount "79"]
[EventDate "2023.10.08"]
[EventType "team-tourn"]
[EventRounds "9"]
[EventCountry "HUN"]
[Source "chess.hu"]
[WhiteTeam "Komloi BSK"]
[BlackTeam "Decs 1990"]
[WhiteTeamCountry "HUN"]
[BlackTeamCountry "HUN"]

1. e4 c5 2. Nf3 e6 3. c3 Qa5 4. Be2 Nf6 5. e5 Nd5 6. O-O Nc6 7. d4 cxd4 8. cxd4
d6 9. Re1 dxe5 10. dxe5 Bd7 11. Nbd2 Qc7 12. Bf1 Be7 13. Nc4 h6 14. Ne3 Nb6 15.
Qc2 Rc8 16. Qe4 Nb4 17. Bd2 N4d5 18. Rac1 Qb8 19. Rxc8+ Qxc8 20. Rc1 Qb8 21.
Nd4 O-O 22. Bd3 f5 23. exf6 Nxf6 24. Qf3 Bd6 25. h3 Be5 26. Bc3 Bxd4 27. Bxd4
Qd6 28. Bxb6 Qxd3 29. Bc5 Bc6 30. Qd1 Qxd1+ 31. Rxd1 Rc8 32. Bxa7 Ra8 33. Bd4
Rxa2 34. Ng4 Nxg4 35. hxg4 Kf7 36. Kh2 Ra4 37. Kg3 Rc4 38. Bc3 Re4 39. Rd4 Re2
40. Rd2 1/2-1/2

[Event "NB II. Asztalos csoport"]
[Site "Decs"]
[Date "2023.10.29"]
[Round "2.2"]
[White "Kiss, Lajos"]
[Black "Nemeth, Attila Janos"]
[Result "1/2-1/2"]
[WhiteElo "2167"]
[BlackElo "1924"]
[PlyCount "91"]
[EventDate "2023.10.08"]
[EventType "team-tourn"]
[EventRounds "9"]
[EventCountry "HUN"]
[Source "chess.hu"]
[WhiteTeam "Decs 1990"]
[BlackTeam "Komloi BSK"]
[WhiteTeamCountry "HUN"]
[BlackTeamCountry "HUN"]

1. d4 d5 2. c4 c6 3. Nc3 Nf6 4. e3 dxc4 5. Bxc4 b5 6. Bd3 a6 7. Qc2 Bb7 8. Nf3
e6 9. O-O Nbd7 10. Ne4 Rc8 11. Rd1 Qb6 12. Nxf6+ Nxf6 13. Qe2 c5 14. dxc5 Bxc5
15. b3 Bb4 16. Bb2 Bc3 17. Rac1 Bxb2 18. Rxc8+ Bxc8 19. Qxb2 O-O 20. b4 Bb7 21.
Qd4 Qxd4 22. Nxd4 Rc8 23. Nb3 Bd5 24. Rc1 Rxc1+ 25. Nxc1 e5 26. Bf5 Bc4 27. Bc8
Nd5 28. a3 Nc7 29. f4 f6 30. Kf2 Kf7 31. Ne2 Bd5 32. Nc3 Bc6 33. g4 Ke7 34. h4
h6 35. Ke2 Kd8 36. Bf5 Ne8 37. Be4 Kc7 38. Kd3 Nd6 39. Bxc6 Kxc6 40. Ne4 Kd5
41. Nxd6 Kxd6 42. Ke4 g6 43. f5 g5 44. h5 Kc6 45. Kd3 Kd5 46. e4+ 1/2-1/2

[Event "NB II. Asztalos csoport"]
[Site "Decs"]
[Date "2023.10.29"]
[Round "2.3"]
[White "Bator, Balazs"]
[Black "Nagybiro, Laszlo"]
[Result "0-1"]
[WhiteElo "1953"]
[BlackElo "2110"]
[PlyCount "118"]
[EventDate "2023.10.08"]
[EventType "team-tourn"]
[EventRounds "9"]
[EventCountry "HUN"]
[Source "chess.hu"]
[WhiteTeam "Komloi BSK"]
[BlackTeam "Decs 1990"]
[WhiteTeamCountry "HUN"]
[BlackTeamCountry "HUN"]

1. e4 e5 2. Nf3 Nc6 3. Bb5 a6 4. Ba4 Nf6 5. O-O Be7 6. Re1 b5 7. Bb3 O-O 8. d3
d6 9. c3 Bg4 10. Nbd2 d5 11. exd5 Nxd5 12. Nf1 Bf6 13. h3 Bh5 14. Ng3 Bg6 15.
Ne4 Be7 16. d4 Bxe4 17. Rxe4 Nf6 18. Re2 exd4 19. cxd4 Na5 20. Bc2 c5 21. Bg5
h6 22. Bh4 c4 23. Ne5 Nd5 24. Bg3 Nf6 25. Qd2 Bd6 26. f4 Bxe5 27. fxe5 Nd5 28.
Rf1 Nc6 29. Re4 f5 30. Re2 f4 31. Bxf4 Nxf4 32. Rxf4 Rxf4 33. Qxf4 Qxd4+ 34.
Qe3 Re8 35. e6 Rxe6 36. Qxd4 Nxd4 37. Rxe6 Nxe6 38. Kf2 Kf7 39. Ke3 Ke7 40. Be4
Kd6 41. h4 Ke5 42. Bb7 Nc5 43. Bc8 b4 44. h5 a5 45. g4 Na4 46. b3 cxb3 47. axb3
Nc5 48. Bf5 Nxb3 49. Kd3 Kd5 50. Bg6 Nc5+ 51. Kc2 Kd4 52. Bf7 a4 53. Kb2 a3+
54. Ka2 Kc3 55. Bg6 Nd3 56. Bf7 Ne5 57. Be6 Nc4 58. Bf5 b3+ 59. Kb1 Ne3 0-1

[Event "NB II. Asztalos csoport"]
[Site "Decs"]
[Date "2023.10.29"]
[Round "2.4"]
[White "Gal, Peter"]
[Black "Gyorke, Zoltan"]
[Result "0-1"]
[WhiteElo "2027"]
[BlackElo "1942"]
[PlyCount "76"]
[EventDate "2023.10.08"]
[EventType "team-tourn"]
[EventRounds "9"]
[EventCountry "HUN"]
[Source "chess.hu"]
[WhiteTeam "Decs 1990"]
[BlackTeam "Komloi BSK"]
[WhiteTeamCountry "HUN"]
[BlackTeamCountry "HUN"]

1. d4 e6 2. c4 f5 3. g4 d6 4. gxf5 exf5 5. Bg2 Nf6 6. Nc3 Be7 7. Nh3 O-O 8. Nf4
c6 9. b4 a5 10. b5 Kh8 11. Bb2 Ne4 12. e3 Nxc3 13. Bxc3 Bf6 14. h4 Qe8 15. Qb3
a4 16. Qa3 cxb5 17. Bd5 Nc6 18. h5 Ne7 19. Qxd6 Ra6 20. Qc5 bxc4 21. Bb4 Nxd5
22. Qxd5 Rf7 23. Qxc4 Be6 24. Qd3 Qd7 25. Rc1 Bxa2 26. d5 b5 27. Qxb5 Ra8 28.
Qc5 Bb3 29. Ba3 h6 30. Rg1 Kh7 31. Ng6 Rd8 32. d6 Qe6 33. Nf4 Qd7 34. Ng6 Qe6
35. Nf4 Qd7 36. Nd5 Qe6 37. Nxf6+ Qxf6 38. Rg6 Qh4 0-1

[Event "NB II. Asztalos csoport"]
[Site "Decs"]
[Date "2023.10.29"]
[Round "2.5"]
[White "Szaz, Ferenc"]
[Black "Horvath, Balazs"]
[Result "0-1"]
[WhiteElo "1897"]
[BlackElo "2097"]
[PlyCount "40"]
[EventDate "2023.10.08"]
[EventType "team-tourn"]
[EventRounds "9"]
[EventCountry "HUN"]
[Source "chess.hu"]
[WhiteTeam "Komloi BSK"]
[BlackTeam "Decs 1990"]
[WhiteTeamCountry "HUN"]
[BlackTeamCountry "HUN"]

1. d4 Nf6 2. c4 g6 3. Nc3 Bg7 4. e4 d6 5. Be2 O-O 6. g4 c5 7. d5 e6 8. g5 Ne8
9. h4 exd5 10. cxd5 f5 11. gxf6 Qxf6 12. Be3 Nc7 13. Qd2 Nd7 14. Nf3 b5 15. Bg5
Qf7 16. h5 b4 17. Nd1 Ba6 18. Rh3 Bxe2 19. Kxe2 Rae8 20. Kd3 Rxe4 0-1

[Event "NB II. Asztalos csoport"]
[Site "Decs"]
[Date "2023.10.29"]
[Round "2.6"]
[White "Balazs, Imre"]
[Black "Varga, Miklos"]
[Result "1/2-1/2"]
[WhiteElo "2026"]
[BlackElo "1877"]
[PlyCount "85"]
[EventDate "2023.10.08"]
[EventType "team-tourn"]
[EventRounds "9"]
[EventCountry "HUN"]
[Source "chess.hu"]
[WhiteTeam "Decs 1990"]
[BlackTeam "Komloi BSK"]
[WhiteTeamCountry "HUN"]
[BlackTeamCountry "HUN"]

1. e4 d6 2. d4 Nf6 3. Nc3 g6 4. f3 Bg7 5. Be3 O-O 6. Qd2 e5 7. d5 c6 8. O-O-O
c5 9. g4 Nxg4 10. fxg4 Bxg4 11. Be2 Bxe2 12. Ngxe2 f5 13. exf5 gxf5 14. Bh6 Qh4
15. Bxg7 Kxg7 16. Rhg1+ Kh8 17. Nb5 Qe7 18. Qg5 Qxg5+ 19. Rxg5 Nd7 20. Nxd6 f4
21. Nc3 Rf6 22. Nce4 Rg6 23. Rdg1 Rag8 24. Rxg6 hxg6 25. Kd2 b6 26. c4 Kh7 27.
Ng5+ Kg7 28. Ne6+ Kf6 29. Ne4+ Kf7 30. Rg4 Nf6 31. Nxf6 Kxf6 32. Kd3 Rh8 33. h4
Kf5 34. Rg5+ Kf6 35. Rg1 Rxh4 36. Ng5 Rh5 37. Ne4+ Kf5 38. Nd6+ Kf6 39. Ne8+
Kf7 40. Nd6+ Kf6 41. Ne4+ Kf5 42. Nd6+ Kf6 43. Ne4+ 1/2-1/2

[Event "NB II. Asztalos csoport"]
[Site "Decs"]
[Date "2023.10.29"]
[Round "2.7"]
[White "Berci, Gyula"]
[Black "Forster, Tamas"]
[Result "0-1"]
[WhiteElo "1861"]
[BlackElo "1986"]
[PlyCount "50"]
[EventDate "2023.10.08"]
[EventType "team-tourn"]
[EventRounds "9"]
[EventCountry "HUN"]
[Source "chess.hu"]
[WhiteTeam "Komloi BSK"]
[BlackTeam "Decs 1990"]
[WhiteTeamCountry "HUN"]
[BlackTeamCountry "HUN"]

1. d4 Nf6 2. Nf3 g6 3. Bf4 Bg7 4. e3 d6 5. h3 O-O 6. Bd3 Nbd7 7. O-O Re8 8. Bh2
e5 9. dxe5 Nxe5 10. Nxe5 dxe5 11. Be2 Bf5 12. c3 c6 13. Qb3 Qe7 14. a4 Rad8 15.
Na3 Ne4 16. Rfd1 Qh4 17. g3 Qxh3 18. Rxd8 Rxd8 19. Rd1 Nd2 20. Rxd2 Rxd2 21.
Bf1 Be6 22. c4 Qf5 23. f4 exf4 24. gxf4 Qg4+ 25. Kh1 Qf3+ 0-1

[Event "NB II. Asztalos csoport"]
[Site "Decs"]
[Date "2023.10.29"]
[Round "2.8"]
[White "Werner, Anna"]
[Black "Gyorgy, Gergely"]
[Result "1-0"]
[WhiteElo "1934"]
[BlackElo "1703"]
[PlyCount "79"]
[EventDate "2023.10.08"]
[EventType "team-tourn"]
[EventRounds "9"]
[EventCountry "HUN"]
[Source "chess.hu"]
[WhiteTeam "Decs 1990"]
[BlackTeam "Komloi BSK"]
[WhiteTeamCountry "HUN"]
[BlackTeamCountry "HUN"]

1. d4 c5 2. d5 d6 3. c4 Nf6 4. Nc3 g6 5. e4 Bg7 6. Nf3 O-O 7. Be2 e5 8. O-O Re8
9. Ne1 h6 10. a3 a6 11. Be3 Kh7 12. b4 b6 13. bxc5 bxc5 14. Rb1 Bd7 15. f3 Nh5
16. Nd3 Qa5 17. Bd2 Qc7 18. Qc2 g5 19. Rb2 Ra7 20. Rfb1 Rg8 21. Rb6 Nf4 22.
Nxf4 gxf4 23. Qb3 Ra8 24. Rb7 Qd8 25. Na4 Qg5 26. Ba5 Bf6 27. Bf1 Qh5 28. Nb6
Bh3 29. Be1 Qg6 30. Qc2 h5 31. Nxa8 Nd7 32. Nb6 h4 33. Nxd7 Bxd7 34. Rxd7 h3
35. Rbb7 Rg7 36. Kh1 Qh5 37. Qf2 Kg6 38. gxh3 Rh7 39. Qg2+ Kh6 40. Qg4 1-0